[Event "Aeroflot Open"]
[Site "Moscow RUS"]
[Date "2006.02.10"]
[Round "3"]
[White "Yakovich, Yuri"]
[Black "Jobava, Baadur"]
[Result "0-1"]
[WhiteElo "2551"]
[BlackElo "2614"]
[Annotator "Rahal, M"]
[PlyCount "66"]
[EventDate "2006.02.08"]
[EventType "swiss"]
[Source "EDAMI"]
[SourceDate "2006.12.20"]

{Esta es una de las mejores partidas del ganador del torneo, en la que vence
con autoridad con las piezas negras al fuerte GM ruso Yuri Yakovich.} 1. d4 Nf6
2. c4 g6 3. Nc3 Bg7 4. e4 d6 5. Be2 O-O {
La defensa India de Rey, ideal para jugar a ganar con negras.} 6. Nf3 e5 7. O-O
Na6 {Jobava emplea la variante más posicional, eludiendo las complicaciones de
la Variante Yugoslava con 7...Nc6 8.d5 Ne7.} 8. Be3 c6 {La variante más
principal sigue con 8...Ng4 9.Bg5 y ahora se pueden jugar tanto 9...f6 como 9..
.Qe8. Sin embargo la textual también es perfectamente. jugable.} {#} 9. dxe5 $6
{El signo de dudosa no es tanto por que la jugada es mala, sino porque
psicológicamente las blancas renuncian a la ventaja de apertura y indican a su
rival que "se conforman" con las tablas. Esto no es muy apropiado en niveles
+2600. Además, se conoce que estas posiciones sin damas no tienen ningún
peligro para las negras, y si acaso es el blanco el que tiene que jugar con
cuidado en muchas ocasiones. La jugada crítica es 9.d5.} dxe5 10. Qxd8 Rxd8 11.
Rfd1 Re8 ({Peor es} 11... Rxd1+ 12. Rxd1 Bg4 13. a3 Bxf3 14. gxf3 $5 Nc7 15. f4
exf4 16. Bxf4 Ne6 17. Be3 {y las blancas tienen una ligera ventaja por la
pareja de alfiles Giorgadze,G-Kaminski,M/Yerevan 1996/EXT 97 (56)}) 12. h3 {
Evitando ...Bg4, pero merecía atención 12.c5!? ganando espacio en el flanco de
dama.} Bf8 $1 {Buena jugada, controlando la casilla de c5 y activando el alfil
de casillas negras, que en la estructura actual ha quedado pasivo en la
diagonal a1-h8.} 13. Nd2 Nc5 14. f3 $6 {Esta jugada no era necesaria, ya que
el peón de e4 está defendido. Además, las casillas negras quedan aún más
debilitadas y la casilla f3 no podrá ser utilizada por una pieza.} ({Era mejor
} 14. b4 Ne6 15. c5 Nd4 16. Bd3 Be6 17. Ne2 Nxe2+ 18. Bxe2 Rad8 {seguido de ...
Nh5-f4 con igualdad, en la partida Gelfand,B-Kozul,Z/Vidmar memorial 2001.})
14... a5 $1 {Las negras juegan de manual: caballo en c5 que más tarde irá a e6
y d4, y peón en a5 controlando la expansión de las blancas en el flanco de
dama. La posición está igualada, pero es más fácil de jugar para las negras.}
15. Nb3 Nfd7 ({Sin embargo} 15... Nxb3 $6 16. axb3 {
seguido de Na4 daría a las blancas cierto contrajuego en el flanco de dama.})
16. Kf2 a4 17. Nxc5 Nxc5 18. Rab1 {Para expular el caballo con b4, pero las
negras se quedan con la columna-a. Quizás 18.Rd2 hubiera sido mejor, con la
esperanza de cambiar las cuatro torres.} Ne6 $1 19. b4 axb3 20. axb3 {#} Nd4 $1
21. Na4 ({El caballo no se puede capturar} 21. Bxd4 exd4 22. Rxd4 $2 Bc5 $19)
21... Be6 22. Bxd4 exd4 23. f4 ({La variante crítica surge después de} 23. Rxd4
Rxa4 24. bxa4 Bc5 25. Ke3 Rd8 26. Rbd1 {# DIAGRAMA DE ANÁLISIS. Posición
crítica. Las negras pueden recuperar la calidad (y el peón de a4) cuando
quieren, pero se trata de saber si pueden ganar algo más, debido a la posición
de Zugzwang de las blancas, que no pueden desclavar la torre.} g5 $1 {
controlando f4} 27. R1d2 Kg7 {Amenazando Kf6-e5} 28. e5 f6 $1 29. exf6+ (29.
Ke4 f5+ 30. Ke3 Bf7 $1 {seguido de ...f4 y ...Bg6}) 29... Kxf6 30. g3 {
Única para jugar f4+ contra ...Ke5, pero ahora cae el primer peón.} (30. Ke4
Bf5+ 31. Ke3 Ke5 $19) 30... Bxh3 {con clara ventaja de las negras.}) 23... Reb8
$1 {Se podía jugar 23...c5 pero la textual es más fuerte, ya que prepara la
apertura de columnas en el flanco de dama.} 24. Bg4 $2 (24. Nb2 Ra3 25. Nd3 {
era mejor, aunque las negras están mejor.}) 24... b5 $1 25. cxb5 (25. Bxe6 bxa4
$1) 25... Bxg4 26. hxg4 cxb5 27. Nb2 {# Las blancas se dirigen con el caballo
a bloquear en la casila d3. Si consiguen esto, y además evitan la entrada de
las torres negras tendrán excelentes posibilidades, pero esto no será posible
por la desafortunada posición el rey blanco en f2.} Rc8 $1 28. Nd3 ({
Las negras no pueden disputar la columna ya que pierden pieza} 28. Rbc1 $2 Rxc1
29. Rxc1 Ra2 30. Rc2 Ba3 $19) (28. Rxd4 $2 Bc5 $19) 28... Ra2+ 29. Kf3 (29. Rb2
$2 Rxb2+ 30. Nxb2 Rc2+ $19) 29... Rcc2 $1 {
"Torres en séptima pondrás y partida ganarás", dicen los sabios.} 30. g3 Bb4 $1
{El alfil no se puede tomar por el mate en f2, pero además controla la casilla
e1 (importante como veremos después) y prepara ...Bc3, con posición dominante.}
{#} 31. e5 $2 {Grave error. Las blancas quieren escapar por la casilla e4,
pero precisamente la torre negra evitará esta posibilidad.} ({Era mejor} 31.
Ra1 $1 {para cambiar una de las torres} Rxa1 32. Rxa1 Rc3 33. Ke2 Rxb3 34. Ra8+
Kg7 35. Ra7 {con opciones de salvar la partida}) ({Es peor} 31. g5 {por} Bc3 {
y las torres blancas no respiran}) 31... Re2 $1 {Ahora se aprecia la
importancia del alfil eb b4 que evita la jugada salvadora 32.Re1.} 32. g5 Re3+
33. Kg4 Rg2 {Las blancas abandonaron en vista de que tras 34.Nxb4 (cualquier
otra jugada pierde una pieza con 34...Rgxg3+) Rgxg3+ 35.Kh4 Rh3+ 36.Kg4 Re-g3#}
0-1

[Event "XXIII SuperGM"]
[Site "Morelia/Linares MEX/ESP"]
[Date "2006.02.25"]
[Round "6"]
[White "Topalov, Veselin"]
[Black "Vallejo Pons, Francisco"]
[Result "0-1"]
[WhiteElo "2801"]
[BlackElo "2650"]
[Annotator "Ubilava, E"]
[PlyCount "112"]
[EventDate "2006.02.18"]
[Source "EDAMI"]
[SourceDate "2006.12.20"]

{Una victoria muy valiosa de F.Vallejo ante el campeón del mundo. Es curioso
que el jugador español utilizó la novedad 11... h5 dos rondas antes contra
Radjabov. Creo que la reacción de Radjabov en aquel encuentro fue más acertada
que la de Veselin en esta partida. Despues de 14.f3?! Qe7! las negras lograron
no sólo igualar la partida, sino que crearon un peón pasado muy avanzado en la
columna "c". Este peón determinó el resultado de la contienda, porque mientras
Topalov intentaba crear amenazas en el flanco de rey, las negras coronaron su
peon pasado y a pesar de la desesperada resistencia de las blancas, ganaron
este encuentro de manera muy convincente.} 1. d4 d5 2. c4 c6 3. Nc3 Nf6 4. Nf3
e6 5. Bg5 h6 6. Bh4 dxc4 7. e4 g5 {La variante moscovita, desde hace una
década se ha convertido en un campo de investigación para ambos bandos, donde
importa quien se anticipa con su preparación casera. A pesar de la importante
aportación teórica de los últimos años, la posición es tan compleja que aún
queda mucho por descubrir.} 8. Bg3 b5 9. Be2 Bb7 10. O-O Nbd7 11. Ne5 h5 $5 {
Como hemos mencionado, dos rondas antes  Vallejo utilizó esta novedad contra
Radjabov. Debo confesar que esa misma idea la analicé yo unas semanas antes
con un alumno mío y saqué la conclusión de que la continuacion que había que
tener en cuenta, entre otras, fue precisamente la línea que eligió el jugador
azerí.} 12. Nxd7 Qxd7 13. Be5 Rh6 14. f3 $6 {
En la mencionada partida, Radjabov siguió  diagrama} (14. f4 g4 ({
según mis análisis también es posible} 14... gxf4 15. Rxf4 Ng4 16. Bxg4 hxg4
17. Qxg4 Rg6 {
pero como confesó el propio Vallejo, la jugada 14... g4 es más fuerte}) 15. Qc2
c5 16. d5 b4 17. f5 exd5 18. Nxd5 Bxd5 19. exd5 Bd6 20. Bxd6 Qxd6 21. Bxc4 {
Radjabov-Vallejo. Morelia-Linares 2006}) 14... Qe7 $1 {la idea de esta jugada
es preparar la retirada del caballo a d7, defendiendo el peón en g5 y haciendo
posible el avance ...e5.} 15. a4 a6 16. Qc2 Rd8 17. Rad1 Nd7 18. Bc7 Rc8 19.
Bg3 e5 {Las negras bloquean la posición sobre las casillas negras y ponen en
tela de juicio la movilidad de las piezas blancas.} 20. d5 ({
Tampoco pueden quejarse las negras después de} 20. dxe5 h4 21. Bf2 Nxe5 22. Be3
) 20... b4 $1 21. dxc6 Rhxc6 22. Nd5 {Parece que las blancas consiguen una
pieza dominante en la casilla d5, pero a cambio las negras logran gran ventaja
en el flanco de dama.} Qe6 23. Qd2 {Supongo que esta jugada fue producto de un
largo y poco afortunado cálculo. Probablemente la réplica} (23. a5 {
era mucho más útil para las necesidades de las blancas.}) 23... h4 24. Bf2 c3
$1 {Una decision tan natural como fuerte. El gran maestro español devuelve el
peón y somete definitivamente las piezas blancas a una defensa desesperada.}
25. bxc3 bxc3 26. Qxg5 c2 27. Rc1 h3 28. g3 Qh6 $1 {Podemos decir que la lucha
está prácticamente terminada, porque las blancas no tienen bastantes fuerzas
para crear contrajuego suficiente, aunque el jugador búlgaro insiste en su
intento.} 29. Qf5 Qd2 30. Rfe1 Ba3 31. f4 {
La idea de Topalov es contraatacar sobre "f7".} Bxc1 32. Bh5 {diagrama} Rg6 $1
{Las negras devuelven parte del material y defienden su rey sin grandes apuros.
} ({tambien se ùede invertir las jugadas} 32... Qxe1+ 33. Bxe1 Be3+ 34. Kf1 Rg6
(34... c1=Q 35. Qxf7+ Kd8 36. Qe8#) 35. Bxg6 Bxd5 36. exd5 c1=Q 37. Qxf7+ Kd8 {
ganando}) 33. Bxg6 Bxd5 34. exd5 Qxe1+ 35. Bxe1 Be3+ 36. Kf1 c1=Q 37. Qxf7+ Kd8
38. Ke2 Bb6 39. Bd2 Qc4+ ({También gana} 39... Qg1 40. fxe5 Qxh2+ 41. Kd1 Qg1+
42. Ke2 Qg2+ 43. Kd1 h2) 40. Kf3 e4+ 41. Kg4 Kc7 {
La torre de ventaja es un argumento poderoso en esta posición.} 42. a5 Bd4 43.
Bf5 Rg8+ 44. Kh4 Rh8+ 45. Kg5 Qb5 46. Be6 e3 47. Be1 e2 48. g4 Rf8 49. Qh7 Be3
50. Kh4 Bxf4 51. g5 Qa4 52. Kh5 Bxh2 53. Bxh3 Be5 54. Qd3 Rh8+ 55. Kg6 Nf8+ 56.
Kf7 Kd8 {
El último movimiento es bastante elegante para rematar el arrogante rey blanco.
} 0-1

[Event "XXIII SuperGM"]
[Site "Morelia/Linares MEX/ESP"]
[Date "2006.02.18"]
[Round "1"]
[White "Vallejo Pons, Francisco"]
[Black "Leko, Peter"]
[Result "0-1"]
[WhiteElo "2650"]
[BlackElo "2740"]
[Annotator "Ubilava, E"]
[PlyCount "80"]
[EventDate "2006.02.18"]
[Source "EDAMI"]
[SourceDate "2006.12.20"]

{La innovación de Leko con la jugada 14... f5 marca la presente partida.
Normalmente son los análisis posteriores los que revelan el camino que había
que seguir después de una novedad imprevista, como es el caso de nuestra
partida, pues la correcta reacción ante una acción innovadora del adversario
es una asignatura pendiente para muchos jugadores. R.Fischer, G.Kasparov y
quizás A.Karpov fueron los mejores en situaciones donde debían enfrentarse a
este tipo de sorpresas. Las razones por las que solucionaban mejor esos
problemas tan complejos son conocidas: sus cálculos, la sensibilidad ante las
amenazas del rival y sus evaluaciones eran las más acertadas. El error
decisivo de P.Vallejo llegó muy pronto 18.Kd1? sin embargo las blancas podían
seguir 18.Qxc6 o 18.Kf1 con esperanza de salvar la partida. Después del error
cometido, prácticamente todo se decidioóde manera forzada, y el gran maestro
húngaro despachó su tecnica con gusto y convincente precisión.} 1. d4 Nf6 2. c4
e6 3. Nc3 Bb4 4. Qc2 O-O 5. e4 d5 6. e5 Ne4 7. a3 {
Las blancas pueden marcar otro rumbo a la partida después de} (7. Bd3 c5 8.
cxd5 exd5 9. Nge2 cxd4 10. Nxd4 Nd7 11. f4 Qh4+ 12. g3 Qh3 13. Bf1 Qh6 (13...
Qh5 14. Bg2) 14. Bg2 Qa6) 7... Bxc3+ 8. bxc3 c5 9. Bd3 Qa5 10. Ne2 cxd4 11.
cxd5 exd5 12. f3 Nxc3 13. Nxd4 Ne4+ ({Es interesante la continuación} 13...
Nb5+ 14. Bd2 Nxd4 15. Bxh7+ Kh8 16. Bxa5 Nxc2+ 17. Bxc2 Nc6 18. Bc7 Nxe5 19.
Bxe5 Re8 20. f4 f6 21. Ba4 Re7 22. O-O-O fxe5 23. Rxd5 exf4 24. Rd8+ Kh7 25.
Bc2+ g6 26. Rf1 {
con compensación, Y. Gonzalez-H. Fernandez. ch Cuba Santa Clara 2005}) 14. Ke2
{diagrama} f5 $1 $146 {
Las negras utilizan este truco en el momento preciso. No funciona} (14... Qc3
15. Bxe4 Qxa1 16. Bxh7+ Kh8 17. Rd1 Nc6 18. Bb2 Qa2 19. Nb3 g6 20. Bxg6 fxg6
21. e6+ Kh7 22. Rxd5 Rf6 23. Rh5+ Kg8 24. Rh8+ Kxh8 25. Bxf6+ {
y las blancas ganan. El Gimdy E.-Simutowe A. Abuja 2003}) ({
En la práctica, la jugada} 14... Nc5 {
tuvo éxito por la floja resistencia de las blancas} 15. Bxh7+ Kh8 16. Bg5 Nbd7
17. f4 f6 18. exf6 Nxf6 19. Bxf6 Rxf6 20. Kf3 g6 21. Bxg6 Rxg6 {y las negras
ganan, Gerard N.-Fodor Tej. FSIMA september 2005, pero en esta variante,
quizás la simple 16.Kf2 podía dar a las blancas la deseada tranquilidad}) 15.
Be3 ({Después de} 15. Re1 Nc6 16. Nxc6 bxc6 17. Qxc6 Rb8 18. Be3 f4 19. fxe4
Bg4+ 20. Kf1 fxe3+ 21. Kg1 Qd2 22. Qxd5+ Kh8 23. Be2 Rbd8 24. Qxd2 exd2 25.
Bxg4 dxe1=Q+ 26. Rxe1 g6 {Las negras están mejor}) 15... Nc6 16. Nxc6 bxc6 17.
Rhc1 ({En caso de} 17. Qxc6 Rb8 18. Rhe1 f4 {
las variantes pueden transponer a una de las continuaciones analizadas}) 17...
Rb8 18. Kd1 $2 {
Un error grave que es difícilmente corregible. Las blancas tenían dos opciones:
} (18. Kf1 f4 19. Bf2 Nxf2 20. Kxf2 Re8 21. Bxh7+ Kh8 22. Kg1 Rxe5 23. Bg6 {
con compensación}) (18. Qxc6 f4 19. Bxf4 Rb2+ (19... Rb6 20. Qc2 Rxf4 21. Qxc8+
Rf8 22. Qc2 Rc6 23. Qb2 Rb6 {es igualdad}) 20. Kf1 Nd2+ 21. Kg1 Nb3 22. Bc4 $3
{Fritzi} dxc4 23. Qxc4+ Kh8 24. Qxc8 Rg8 25. e6 Qb6+ 26. Kh1 Nxc1 (26... h6 27.
Be5 Re2 28. Bxg7+ $1) 27. Rxc1 Rb1 28. Qd7 Rxc1+ 29. Bxc1 Qf2 30. Qd1 Re8 {
con ventaja de las negras}) 18... Rd8 $1 19. Bd4 Be6 20. Rab1 Rxb1 21. Rxb1 {
diagrama} c5 $1 22. Rb5 $6 ({Quizás era un poco mejor} 22. fxe4 dxe4 23. Qxc5
Qa4+ 24. Bc2 Qxd4+ (24... Rxd4+ 25. Ke1 Qd7 {también es posible}) 25. Qxd4
Rxd4+ 26. Ke2 Rd5 27. Rb8+ Kf7 28. Rb7+ Kg6 29. Rxa7 Rxe5 {
y las negras deben ganar}) 22... Qxa3 23. Bb2 Qa2 24. Be2 Bd7 {
Leko encuentra una variante forzada para vencer la resistencia de su rival.}
25. fxe4 Bxb5 26. Bxb5 Rb8 27. Bc6 Qxb2 28. Bxd5+ Kh8 29. Qxb2 Rxb2 30. exf5
Rb4 31. Kc2 Rd4 32. Bf7 Re4 {Con maniobras precisas, las negras reducen la
actividad del alfil y los peones pasados de las blancas.} 33. e6 h5 $1 34. Bxh5
({Si} 34. Kd3 Re5 35. Bxh5 Kg8 36. Kc4 Kf8 37. Bg6 Ke7 {
y las negras poco a poco ganan la partida}) 34... Kg8 35. g4 Kf8 36. g5 Ke7 {
Se amenaza 37...Rf4 38. Bg6 Rg4} 37. h3 a5 38. Bg4 a4 39. f6+ gxf6 40. g6 Kf8
0-1